| 000 | 00514nam a2200169Ia 4500 | ||
|---|---|---|---|
| 999 |
_c21915 _d21915 |
||
| 003 | OSt | ||
| 005 | 20201019114507.0 | ||
| 008 | 190216s9999||||xx |||||||||||||| ||und|| | ||
| 020 | _a9781412918954 | ||
| 040 | _coclc | ||
| 082 |
_a306.071 _bWAL/I |
||
| 100 |
_aWalton, David _95894 |
||
| 245 | 0 |
_aIntroducing Cultural Studies Learning Through Practice / _cDavid Walton |
|
| 260 |
_bSage Publications, _c2008. _aLondon: |
||
| 300 | _a323p | ||
| 942 |
_cBK _2ddc _h306.071 _iWAL/I _k306.071 _mWAL/I |
||